Materials and processes in manufacturing

Guardado en:
Detalles Bibliográficos
Formato: Libro
Lenguaje:Undetermined
Publicado: Bangladesh Wiley 2004
Materias:
Etiquetas: Agregar Etiqueta
Sin Etiquetas, Sea el primero en etiquetar este registro!
Thư viện lưu trữ: Trung tâm Học liệu Trường Đại học Cần Thơ
LEADER 00489nam a2200181Ia 4500
001 CTU_65538
008 210402s9999 xx 000 0 und d
020 |c 196000 
082 |a 670.42 
082 |b M425 
245 0 |a Materials and processes in manufacturing 
245 0 |c E. Paul DeGarmo ... [et al.] 
260 |a Bangladesh 
260 |b Wiley 
260 |c 2004 
650 |a Manufacturing processes 
904 |i TUYẾN 
980 |a Trung tâm Học liệu Trường Đại học Cần Thơ